Right to information and good governance / (Record no. 88527)

MARC details
000 -LEADER
fixed length control field 00640nam a22001937a 4500
005 - DATE AND TIME OF LATEST TRANSACTION
control field 20140911160144.0
010 ## - LCCN (DPL NO)
LC control number ENG-110821
020 ## - INTERNATIONAL STANDARD BOOK NUMBER
International Standard Book Number 9788189630805
Terms of availability 995.00
035 ## - SYSTEM CONTROL NUMBER
System control number EN-94353
037 ## - SOURCE OF ACQUISITION
Source of stock number/acquisition DBAD/PUB
082 ## - DEWEY DECIMAL CLASSIFICATION NUMBER
Classification number 352.88095492
245 ## - TITLE STATEMENT
Title Right to information and good governance /
Statement of responsibility, etc edited by Suresh R.
260 ## - PUBLICATION, DISTRIBUTION, ETC. (IMPRINT)
Place of publication, distribution, etc New Delhi
Name of publisher, distributor, etc Global Research Publications
Date of publication, distribution, etc 2013
270 ## - ADDRESS
Address 4800/24, 1st floor, Ansari Road, Daryaganj
City New Delhi
Postal code 110002
300 ## - PHYSICAL DESCRIPTION
Extent xxviii,258p.
Dimensions 22cm(Hb)
500 ## - GENERAL NOTE
General note Includes bibliographical references and index
700 ## - ADDED ENTRY--PERSONAL NAME
Personal name Suresh R.
942 ## - ADDED ENTRY ELEMENTS (KOHA)
Source of classification or shelving scheme Dewey Decimal Classification
Item type English Books
Call number suffix SUR
Classification part 352.88095492
Holdings
Withdrawn status Lost status Not for loan Collection code Home library Current library Date acquired Source of acquisition Cost, normal purchase price Full call number Barcode Copy number Cost, replacement price Koha item type
    Not For Loan Non-fiction D.B.Act.Division D.B.Act.Division 11/09/2014 DBAD/PUB 995.00 352.88095492 SUR EN-94353 1 995.00 English Books

© Delhi Public Library
Hit Counter
free hit counter